| 000 | 00590nam a2200193Ia 4500 | ||
|---|---|---|---|
| 005 | 20250508164711.0 | ||
| 008 | 008 250505s9999 xx 000 0 eng d | ||
| 037 | _aTextual | ||
| 040 |
_aFEDL _beng _cFEDL |
||
| 041 |
_aeng _2eng |
||
| 084 |
_a370.15, DAN _qFEDL |
||
| 100 | _aDaniels Harry | ||
| 245 | 0 | _aVygotsky and pedagogy | |
| 260 |
_aLondon, UK _bRoutledge Falmer _c2001 |
||
| 300 | _a196p. | ||
| 546 | _aPhotocopy; Acc. No. 91958 is gifted by H.O.D. Namita Ranganathan memory of Prof. Arvind Gaysu | ||
| 942 |
_cTEXL _h370.15, DAN |
||
| 999 |
_c1390644 _d1390644 |
||